000
00312nam a2200109Ia 4500
008
200302s9999 xx 000 0 und d
100
_a
Intermag B. V. ed.
245
_a
100 Wonders of the World the greatest treasures of mankind in five continents
260
_b
Rebo Publishing
260
_c
2007
300
_a
207 P.,
999
_c
4124
_d
4124